Návrh vizualizácie cestnej siete a dopravných situácií
Uložené v:
| Hlavný autor: | |
|---|---|
| Ďalší autori: | |
| Médium: | Rukopis Kniha |
| Jazyk: | Slovak |
| Vydavateľské údaje: |
Bratislava :
STU v Bratislave FEI,
2013
|
| Predmet: | |
| On-line prístup: | VAIS |
| Tagy: |
Žiadne tagy, Buďte prvý, kto otaguje tento záznam!
|
MARC
| LEADER | 00000ntm a22000003a 4500 | ||
|---|---|---|---|
| 001 | stu273270 | ||
| 005 | 20150617230234.0 | ||
| 008 | 130820s2013----xo------------------slo-d | ||
| 040 | |a STU |b slo | ||
| 041 | 0 | |a slo | |
| 044 | |a xo | ||
| 100 | 1 | |a Maco, Peter, |d 1989- |4 aut |u E |T FEI Fakulta elektrotechniky a informatiky |X 56032 |U E |Y 30 |7 A000056032 | |
| 242 | 0 | 0 | |a Design of visual network of roads and forwarding situation |y eng |
| 245 | 1 | |a Návrh vizualizácie cestnej siete a dopravných situácií | |
| 260 | |a Bratislava : |b STU v Bratislave FEI, |c 2013 | ||
| 300 | |a 60 s | ||
| 650 | 7 | |a Industrial Informatics |2 estusub | |
| 650 | 7 | |a map |2 estusub | |
| 650 | 7 | |a traffic |2 estusub | |
| 650 | 7 | |a visualization |2 estusub | |
| 650 | 7 | |a mapa |2 stusub | |
| 650 | 7 | |a doprava |2 stusub | |
| 700 | 1 | |a Dorner, Jozef, |d 1950- |4 ths |u E010 |T FEI Ústav riadenia a priemyselnej informatiky |X 4937 |U E010 |Y E010 |7 A000004937 | |
| 856 | 4 | |a info a plný text |u http://is.stuba.sk/zp/portal_zp.pl?podrobnosti=65702 |3 VAIS | |
| 996 | |b 284ER01350 |c E*Bc-1350 |l EE23 |s P |a 0 |w stu273270_0001 | ||